Statistics for Countries Starting With B - One Minute Sprint

Click here to take the quiz!

General Stats

  • This quiz has been taken 68 times
  • The average score is 13 of 17

Answer Stats

Answer% Correct
Belgium
94%
Barbados
89%
Bahamas
87%
Belize
87%
Brazil
83%
Bolivia
80%
Botswana
80%
Bhutan
78%
Bahrain
76%
Belarus
76%
Bosnia and
Herzegovina
74%
Benin
70%
Bulgaria
70%
Burundi
67%
Bangladesh
63%
Burkina Faso
63%
Brunei
61%

Score Distribution

Percentile by Number Answered

Percent of People with Each Score

Your Score History

You have not taken this quiz